[Event "B - CZECH OPEN 2016"]
[Site "Pardubice (CZE)"]
[Date "2016.07.27"]
[Round "6.6"]
[White "KOCUR, Johan"]
[Black "GANTSOOJ, Ganzorig"]
[Result "1/2-1/2"]
[WhiteElo "1997"]
[BlackElo "2164"]
[PlyCount "102"]
[EventDate "2016.07.22"]

1. Nf3 g6 2. c4 Bg7 3. Nc3 Nf6 4. e3 d6 5. Qc2 e5 6. Rb1 O-O 7. b4 Qe7 8. d3 a5
9. b5 c6 10. Ba3 c5 11. Be2 b6 12. Nd5 Nxd5 13. cxd5 f5 14. e4 Bh6 15. Bc1 Bxc1
16. Rxc1 a4 17. Nd2 Bd7 18. Rb1 Ra5 19. Nc4 Rxb5 20. Nxb6 Na6 21. Rxb5 Bxb5 22.
a3 Qa7 23. Nc4 Bxc4 24. Qxc4 Nc7 25. O-O fxe4 26. dxe4 Rb8 27. f4 exf4 28. e5
Nb5 29. Qxf4 Nd4 30. Bc4 Qe7 31. exd6 Qd7 32. Bd3 Rd8 33. h4 Nf5 34. Bxf5 gxf5
35. Qg5+ Kh8 36. Rxf5 Qxd6 37. Rf7 Rg8 38. Qf6+ Qxf6 39. Rxf6 Rd8 40. Ra6 Rxd5
41. Rxa4 Kg7 42. g4 Rd2 43. Rc4 Ra2 44. a4 Kf6 45. Rxc5 Rxa4 46. g5+ Kg6 47.
Rc6+ Kg7 48. Rh6 Ra2 49. Kf1 Rh2 50. Kg1 Ra2 51. Rb6 Ra4 1/2-1/2

[Event "B - CZECH OPEN 2016"]
[Site "Pardubice (CZE)"]
[Date "2016.07.27"]
[Round "6.7"]
[White "BASKAKOV, Egor"]
[Black "KUTZNER, Joachim"]
[Result "1-0"]
[WhiteElo "2141"]
[BlackElo "2023"]
[PlyCount "73"]
[EventDate "2016.07.22"]

1. e4 e6 2. d4 d5 3. e5 c5 4. c3 Nc6 5. Nf3 Bd7 6. a3 f6 7. Bd3 fxe5 8. dxe5
Qc7 9. Bf4 c4 10. Bc2 Bc5 11. O-O Nge7 12. Nbd2 g6 13. b4 cxb3 14. Nxb3 Bb6 15.
Nbd4 a6 16. Re1 O-O-O 17. Ng5 Nxd4 18. cxd4 Rdf8 19. Be3 h6 20. Nf3 g5 21. Nd2
Nf5 22. Nb3 Rhg8 23. Rc1 Bc6 24. Bd3 g4 25. Nc5 Bxc5 26. Rxc5 h5 27. Qc2 Kd7
28. Rc1 Ne7 29. Bh7 Rh8 30. Bg5 Nf5 31. Bxf5 Rxf5 32. Bf6 Rh7 33. Rxd5+ Ke8 34.
Rd6 Kf7 35. d5 Qxd6 36. exd6 Bxd5 37. d7 1-0

[Event "B - CZECH OPEN 2016"]
[Site "Pardubice (CZE)"]
[Date "2016.07.27"]
[Round "6.8"]
[White "RAGAA, Hassan"]
[Black "BALAZS, Balint"]
[Result "0-1"]
[WhiteElo "1972"]
[BlackElo "2110"]
[PlyCount "60"]
[EventDate "2016.07.22"]

1. d4 g6 2. e4 Bg7 3. Nc3 d6 4. h4 Nf6 5. Be2 h5 6. Nh3 Nc6 7. d5 Ne5 8. Ng5 c6
9. f3 cxd5 10. Nxd5 Nxd5 11. Qxd5 e6 12. Bb5+ Ke7 13. Qb3 a6 14. Be2 b5 15. Be3
Qc7 16. O-O-O Nc4 17. Bxc4 bxc4 18. Qa3 Rb8 19. c3 Rd8 20. f4 Ke8 21. Rd2 Rb5
22. Rhd1 Bf8 23. Qa4 Bd7 24. Qxa6 Rdb8 25. Qa7 R8b7 26. Qd4 Qa5 27. Kb1 Qa3 28.
b4 cxb3 29. Ka1 bxa2 30. Rxa2 Qxa2+ 0-1

[Event "B - CZECH OPEN 2016"]
[Site "Pardubice (CZE)"]
[Date "2016.07.27"]
[Round "6.9"]
[White "SULIBORSKI, Jakub"]
[Black "BARTEK, Ladislav"]
[Result "1-0"]
[WhiteElo "2087"]
[BlackElo "1981"]
[PlyCount "65"]
[EventDate "2016.07.22"]

1. d4 Nf6 2. c4 g6 3. Nc3 Bg7 4. e4 d6 5. Nf3 O-O 6. h3 Na6 7. Bg5 e5 8. d5 Qe8
9. Nd2 Nh5 10. g3 f5 11. Be2 h6 12. Bxh5 gxh5 13. Bh4 Qg6 14. Qe2 Nc5 15. O-O
Nxe4 16. Ncxe4 fxe4 17. Kg2 Rf4 18. Kh2 Rf7 19. Kg2 Qf5 20. Rh1 Bd7 21. Nxe4
Raf8 22. Raf1 b5 23. f3 bxc4 24. Qxc4 Bc8 25. g4 Qg6 26. Ng3 Bb7 27. Nxh5 Rf5
28. Qe4 Kh8 29. Ng3 Bc8 30. gxf5 Bxf5 31. Qe3 Rg8 32. Kh2 Bf6 33. Bxf6+ 1-0

[Event "B - CZECH OPEN 2016"]
[Site "Pardubice (CZE)"]
[Date "2016.07.27"]
[Round "6.10"]
[White "PRANAV, Anand"]
[Black "HARDARSON, Jon Trausti"]
[Result "0-1"]
[WhiteElo "1897"]
[BlackElo "2078"]
[PlyCount "148"]
[EventDate "2016.07.22"]

1. e4 e5 2. Nf3 Nc6 3. Bb5 g6 4. O-O Bg7 5. c3 a6 6. Ba4 d6 7. h3 Nge7 8. d4
Bd7 9. Be3 O-O 10. Nbd2 Qe8 11. Bb3 Kh8 12. dxe5 dxe5 13. Nc4 f5 14. Bc5 f4 15.
a4 h6 16. Nh2 Rd8 17. Qe2 g5 18. f3 h5 19. Rad1 Qg6 20. Rd2 Be6 21. Rxd8 Rxd8
22. Rd1 Qf7 23. Rxd8+ Nxd8 24. Qd1 Nec6 25. Nd2 b6 26. Ba3 Qd7 27. Bxe6 Nxe6
28. Qe2 Nb8 29. a5 b5 30. Nb3 Nc6 31. Nf1 Kg8 32. Nfd2 Bf8 33. Bxf8 Kxf8 34.
Kf1 Qd6 35. Ke1 Nc5 36. Nc1 Na4 37. Ndb3 Ne7 38. Qc2 c5 39. Nd2 c4 40. b3 cxb3
41. Ncxb3 Nc6 42. Ke2 Ke7 43. Qd3 Nb2 44. Qd5 Nb8 45. Nc5 Qxd5 46. exd5 Kd6 47.
Nce4+ Kxd5 48. Nxg5 Nc6 49. Nge4 h4 50. Nf6+ Ke6 51. Nfe4 Na4 52. Nb3 Kd5 53.
Kd3 Nb2+ 54. Kc2 Nc4 55. Nec5 Ne3+ 56. Kb2 Nxa5 57. Nxa6 Nxb3 58. Kxb3 Nxg2 59.
Nb4+ Ke6 60. Nd3 Kf5 61. Kb4 e4 62. fxe4+ Kxe4 63. Nf2+ Kf3 64. Ng4 Ne3 65. Nf6
Kg3 66. Kxb5 Kxh3 67. c4 f3 68. Ne4 Nxc4 69. Kxc4 Kg2 70. Kd3 f2 71. Nd2 f1=Q+
72. Nxf1 Kxf1 73. Ke3 h3 74. Kf3 h2 0-1

[Event "B - CZECH OPEN 2016 "]
[Site "Pardubice (CZE)"]
[Date "2016.07.28"]
[Round "7.1"]
[White "KOLMAKOV, Pavel"]
[Black "GANTAR, Jan"]
[Result "1-0"]
[WhiteElo "2180"]
[BlackElo "2215"]
[PlyCount "77"]
[EventDate "2016.07.22"]

1. e4 Nf6 2. d3 e5 3. Nf3 Nc6 4. g3 g6 5. Bh3 Bg7 6. c4 O-O 7. Nc3 d6 8. Bxc8
Qxc8 9. O-O Nd8 10. Rb1 c6 11. b4 Ne6 12. Kg2 h6 13. h3 Nh5 14. Nh4 Nf6 15. Be3
Kh7 16. Ne2 d5 17. Qc2 Qd8 18. Nf3 Nh5 19. g4 Nhf4+ 20. Bxf4 exf4 21. b5 dxe4
22. dxe4 Qc7 23. Qc1 Rfd8 24. bxc6 bxc6 25. Rd1 Rxd1 26. Qxd1 Rd8 27. Qc2 Nc5
28. Nd2 Qe5 29. f3 f5 30. gxf5 gxf5 31. Nb3 Nxe4 32. fxe4 fxe4 33. Rf1 Rf8 34.
Nd2 f3+ 35. Rxf3 Rxf3 36. Nxf3 Qe7 37. Nd2 Kh8 38. Nxe4 Be5 39. Qd3 1-0

[Event "B - CZECH OPEN 2016 "]
[Site "Pardubice (CZE)"]
[Date "2016.07.28"]
[Round "7.2"]
[White "TICHY, Stepan"]
[Black "MORODER, Stefan"]
[Result "1/2-1/2"]
[WhiteElo "2176"]
[BlackElo "2209"]
[PlyCount "83"]
[EventDate "2016.07.22"]

1. d4 Nf6 2. c4 g6 3. g3 Bg7 4. Bg2 O-O 5. Nf3 d6 6. O-O Nbd7 7. Nc3 e5 8. e4
c6 9. Re1 exd4 10. Nxd4 Ne5 11. b3 a5 12. h3 a4 13. f4 Qb6 14. fxe5 dxe5 15.
Nxa4 Rxa4 16. bxa4 exd4 17. Qb3 Qa7 18. Rb1 Nd7 19. Ba3 Re8 20. Kh2 Be5 21. Rf1
h5 22. Qf3 f6 23. Kh1 Qxa4 24. Rb4 Qa5 25. Rfb1 Qc7 26. R4b3 Kg7 27. c5 Nf8 28.
h4 Re7 29. Bf1 Bg4 30. Qg2 Be6 31. Rxb7 Qxb7 32. Rxb7 Rxb7 33. Bc1 Nd7 34. Qd2
Kf7 35. Qh6 Rb1 36. Kg2 Nf8 37. Bf4 Rb2+ 38. Kg1 Rxa2 39. Bxe5 fxe5 40. Qh8 Ra1
41. Kf2 Nd7 42. Qh7+ 1/2-1/2

[Event "B - CZECH OPEN 2016 "]
[Site "Pardubice (CZE)"]
[Date "2016.07.28"]
[Round "7.3"]
[White "HARDARSON, Jon Trausti"]
[Black "SALEH, Nagueb"]
[Result "1/2-1/2"]
[WhiteElo "2078"]
[BlackElo "2173"]
[PlyCount "95"]
[EventDate "2016.07.22"]

1. d4 Nf6 2. c4 g6 3. Nc3 Bg7 4. Nf3 O-O 5. Bg5 c5 6. e3 cxd4 7. Nxd4 h6 8. Bh4
Nc6 9. Nb3 d6 10. Be2 Bf5 11. O-O Ne4 12. Nxe4 Bxe4 13. f3 Bf5 14. e4 Be6 15.
Qd2 a5 16. Bf2 a4 17. Nd4 Nxd4 18. Bxd4 Qa5 19. Rfd1 Qxd2 20. Rxd2 Rfc8 21.
Bxg7 Kxg7 22. Rd4 b5 23. cxb5 Rc2 24. Bd1 Rxb2 25. a3 Rxb5 26. Rxa4 Rc8 27. Rb4
Ra5 28. a4 Kf6 29. Kf2 Bd7 30. Ke3 Rcc5 31. f4 Bc6 32. Bb3 Rc3+ 33. Kd2 Rcc5
34. Bc2 Kg7 35. Ra3 Kf6 36. Rc3 e5 37. g3 exf4 38. gxf4 Rxc3 39. Kxc3 g5 40.
Rc4 Bd7 41. Kb4 Ra7 42. fxg5+ hxg5 43. Rd4 Ke7 44. Rd5 f6 45. a5 Bc6 46. Rf5
Bd7 47. Rd5 Bc6 48. Rf5 1/2-1/2

[Event "B - CZECH OPEN 2016 "]
[Site "Pardubice (CZE)"]
[Date "2016.07.28"]
[Round "7.4"]
[White "HONS, Tomas"]
[Black "BASKAKOV, Egor"]
[Result "1/2-1/2"]
[WhiteElo "2033"]
[BlackElo "2141"]
[PlyCount "118"]
[EventDate "2016.07.22"]

1. e4 c5 2. Nf3 Nc6 3. Nc3 e5 4. Bc4 Be7 5. d3 Nf6 6. Nd2 d6 7. Nf1 Bg4 8. f3
Be6 9. Ne3 O-O 10. O-O Nd4 11. Ned5 Nxd5 12. Bxd5 Rb8 13. a4 Bg5 14. f4 Bxf4
15. Bxf4 exf4 16. Rxf4 Qg5 17. Rf2 Bxd5 18. Nxd5 f5 19. exf5 Rxf5 20. Rxf5 Nxf5
21. Qc1 Qg4 22. Qf4 Qxf4 23. Nxf4 Re8 24. Kf2 Ne3 25. c3 g5 26. Nh5 Kf7 27. h3
Nd5 28. Rd1 Kg6 29. Ng3 Nf4 30. Ne4 d5 31. Ng3 h5 32. Rd2 h4 33. Nf1 d4 34.
cxd4 cxd4 35. Nh2 Kf6 36. Nf3 Re3 37. Nxd4 Rxd3 38. Rxd3 Nxd3+ 39. Kf3 Nxb2 40.
Nb5 Nxa4 41. Nxa7 Nc3 42. g3 Kf5 43. gxh4 gxh4 44. Nc8 b5 45. Ne7+ Kg5 46. Nc6
Nd5 47. Ke4 Nc3+ 48. Kf3 Na2 49. Nd4 b4 50. Ne6+ Kf5 51. Nd4+ Kg5 52. Ne6+ Kh5
53. Nf4+ Kh6 54. Kg4 b3 55. Nd3 Nb4 56. Nb2 Nd5 57. Kxh4 Nf4 58. Kg4 Nxh3 59.
Kxh3 Kg5 1/2-1/2

[Event "B - CZECH OPEN 2016 "]
[Site "Pardubice (CZE)"]
[Date "2016.07.28"]
[Round "7.5"]
[White "BALAZS, Balint"]
[Black "SULIBORSKI, Jakub"]
[Result "1-0"]
[WhiteElo "2110"]
[BlackElo "2087"]
[PlyCount "101"]
[EventDate "2016.07.22"]

1. d4 Nf6 2. Bf4 e6 3. Nf3 b6 4. e3 Bb7 5. Nbd2 Be7 6. Bd3 Nh5 7. Bg3 Nxg3 8.
hxg3 h6 9. c3 d6 10. Qe2 Nd7 11. g4 c5 12. Ne4 Rc8 13. O-O-O c4 14. Bb1 b5 15.
g5 Bxe4 16. Bxe4 Bxg5 17. Nxg5 Qxg5 18. Rh5 Qe7 19. Rxb5 d5 20. Bb1 O-O 21. e4
Qd6 22. Ra5 Qc7 23. Ra3 g6 24. Qg4 dxe4 25. Rh1 Kg7 26. Qxe4 Nf6 27. Qe3 Rh8
28. Qe5 Qxe5 29. dxe5 Ng4 30. f4 Rc7 31. Be4 Nf2 32. Re1 Rd8 33. Re2 Nxe4 34.
Rxe4 Rcd7 35. Re2 Rd1+ 36. Kc2 Rf1 37. Rxa7 Rxf4 38. b4 cxb3+ 39. axb3 g5 40.
b4 g4 41. Kb3 Rd5 42. Ra5 Rd7 43. b5 Kf8 44. b6 Rb7 45. Ra8+ Kg7 46. Ra6 Rf1
47. c4 g3 48. c5 Rd7 49. Re3 Rd5 50. Rxg3+ Kh7 51. Rc3 1-0

[Event "B - CZECH OPEN 2016 "]
[Site "Pardubice (CZE)"]
[Date "2016.07.28"]
[Round "7.6"]
[White "WAGNER, Bernd"]
[Black "KUEHN, Kolja"]
[Result "0-1"]
[WhiteElo "2175"]
[BlackElo "2058"]
[PlyCount "34"]
[EventDate "2016.07.22"]

1. e4 e5 2. Nf3 Nc6 3. Bc4 Bc5 4. b4 Bxb4 5. c3 Bd6 6. d4 Nf6 7. O-O O-O 8. Bg5
h6 9. Bh4 Re8 10. Nbd2 exd4 11. cxd4 g5 12. Bg3 Bxg3 13. fxg3 d5 14. exd5 Nxd5
15. Ne5 Be6 16. Qh5 Nf6 17. Rxf6 Qxd4+ 0-1

[Event "B - CZECH OPEN 2016 "]
[Site "Pardubice (CZE)"]
[Date "2016.07.28"]
[Round "7.7"]
[White "GORBATENKO, Alexander"]
[Black "GRANOVSKIY, Alexandr"]
[Result "0-1"]
[WhiteElo "2053"]
[BlackElo "2292"]
[PlyCount "196"]
[EventDate "2016.07.22"]

1. e4 e5 2. Nf3 Nc6 3. d4 exd4 4. Nxd4 Bc5 5. Be3 Qf6 6. c3 Qg6 7. Nd2 Nf6 8.
g3 Ng4 9. Qe2 Nxe3 10. Qxe3 O-O 11. O-O-O d6 12. N2b3 Bb6 13. f4 Qf6 14. Bg2 a5
15. Na1 Be6 16. Kb1 d5 17. Nac2 dxe4 18. Qxe4 Bd7 19. Qd3 Rad8 20. Qc4 Bg4 21.
Nf3 Be6 22. Qb5 Qf5 23. Qxf5 Bxf5 24. Nh4 Bg4 25. Bf3 Bc8 26. Rxd8 Rxd8 27. Kc1
Ne7 28. Be4 g6 29. Re1 Kf8 30. Ne3 c6 31. Nf3 Bc7 32. Nd4 Re8 33. Kd2 Ng8 34.
Bc2 Nf6 35. Bb3 Ng4 36. Nxg4 Rxe1 37. Kxe1 Bxg4 38. Bc2 Bd7 39. Be4 Ke7 40. Ke2
Kd6 41. Nf3 f6 42. Nd2 Be6 43. Bb1 Bb6 44. Ne4+ Ke7 45. h4 Bc4+ 46. Ke1 Be3 47.
b3 Bf7 48. Ke2 Ba7 49. g4 h6 50. g5 hxg5 51. hxg5 f5 52. Nd2 b5 53. c4 Bd4 54.
a4 bxa4 55. bxa4 Bc3 56. Bd3 Kd6 57. Nb3 Be8 58. Bc2 Bf7 59. Bd3 Bb4 60. Kf3
Kc7 61. Ke3 Kb6 62. Kf3 Bc3 63. Ke2 Bb2 64. Kf3 Ba3 65. Ke2 Bb4 66. Kf3 Be8 67.
Bc2 Bd7 68. Ke2 Bc5 69. Kf3 Bg1 70. Kg2 Be3 71. Kf3 Bc5 72. Kg2 Bc8 73. Kf3 Ba6
74. Bd3 Bb4 75. Ke3 Bb7 76. Bc2 Bc5+ 77. Ke2 Bg1 78. Kf3 Bh2 79. Ke3 Bc8 80.
Kf3 Be6 81. Bd3 Kc7 82. Nxa5 Bg1 83. Nb3 Ba7 84. Nd2 Bd4 85. Nb3 Bc3 86. Nc1
Kb6 87. Nb3 c5 88. Ke2 Bd7 89. Nd2 Bxa4 90. Nf3 Ka5 91. Nh4 Be8 92. Nxf5 gxf5
93. Bxf5 Bf7 94. Kd3 Bb2 95. g6 Bg8 96. Be4 Kb6 97. Bd5 Bxd5 98. cxd5 Kc7 0-1

[Event "B - CZECH OPEN 2016 "]
[Site "Pardubice (CZE)"]
[Date "2016.07.28"]
[Round "7.8"]
[White "DORST, Johannes"]
[Black "SIMET, Martin"]
[Result "1-0"]
[WhiteElo "2215"]
[BlackElo "2058"]
[PlyCount "97"]
[EventDate "2016.07.22"]

1. e4 c5 2. Nf3 d6 3. Bb5+ Nd7 4. O-O a6 5. Bd3 g6 6. c3 Bg7 7. Bc2 b5 8. d4
Bb7 9. Re1 Qc7 10. Nbd2 e5 11. d5 c4 12. Nf1 Ne7 13. Bd2 Nb6 14. Qc1 f6 15. a4
O-O 16. Bh6 Rf7 17. axb5 axb5 18. Rxa8+ Nxa8 19. Be3 Rf8 20. Qa1 Qd7 21. Qa7 h6
22. N3d2 f5 23. f3 f4 24. Bf2 g5 25. Ra1 Nc8 26. Qa5 Bf6 27. Qb4 Bd8 28. b3
cxb3 29. Nxb3 g4 30. Bd1 h5 31. Be2 Nc7 32. Na5 Ba8 33. Rb1 gxf3 34. Bxf3 Rf7
35. Bxh5 Rg7 36. Bf3 Ne7 37. c4 Ng6 38. cxb5 Ne8 39. b6 Bb7 40. Nxb7 Qxb7 41.
Ra1 Nh4 42. Bxh4 Bxh4 43. Ra7 Qb8 44. Rxg7+ Kxg7 45. b7 Nc7 46. Qb6 Be1 47.
Qxd6 Qxb7 48. Qxe5+ Kg8 49. Qg5+ 1-0

[Event "B - CZECH OPEN 2016 "]
[Site "Pardubice (CZE)"]
[Date "2016.07.28"]
[Round "7.9"]
[White "SCHATZ, Christian"]
[Black "POZUN, Matej"]
[Result "1-0"]
[WhiteElo "2212"]
[BlackElo "2078"]
[PlyCount "65"]
[EventDate "2016.07.22"]

1. Nf3 Nf6 2. c4 g6 3. Nc3 d5 4. cxd5 Nxd5 5. Qa4+ Nc6 6. Ne5 Qd6 7. Nxc6 Qxc6
8. Qd4 Nf6 9. e4 Qd7 10. Qxd7+ Bxd7 11. d4 c6 12. Be2 Bg7 13. O-O O-O 14. Bg5
Rfe8 15. Rac1 Be6 16. Rfd1 Rad8 17. b3 a6 18. Be3 Ng4 19. Bxg4 Bxg4 20. f3 Bc8
21. Na4 e5 22. d5 cxd5 23. exd5 b5 24. Nb6 e4 25. Rxc8 Rxc8 26. Nxc8 Rxc8 27.
d6 Bf6 28. fxe4 Kf8 29. d7 Rb8 30. Bc5+ Kg8 31. Rd6 Be7 32. Rxg6+ Kf8 33. Rg8+
1-0

[Event "B - CZECH OPEN 2016 "]
[Site "Pardubice (CZE)"]
[Date "2016.07.28"]
[Round "7.10"]
[White "JANSKA, Jitka"]
[Black "MASLAK, Alexander"]
[Result "1/2-1/2"]
[WhiteElo "2034"]
[BlackElo "2195"]
[PlyCount "69"]
[EventDate "2016.07.22"]

1. e4 c5 2. Nc3 Nc6 3. Bb5 g6 4. Bxc6 bxc6 5. d3 Bg7 6. Be3 d6 7. Qd2 Rb8 8.
Rb1 e5 9. Nge2 Ne7 10. Bh6 O-O 11. h4 f6 12. f3 Be6 13. g4 Qd7 14. Kf2 Rf7 15.
b3 Rbf8 16. Rbg1 Kh8 17. Bxg7+ Rxg7 18. Na4 Rgf7 19. Ke1 f5 20. gxf5 gxf5 21.
f4 fxe4 22. dxe4 Rxf4 23. Nxf4 Rxf4 24. Qe3 h5 25. Rg5 Bg4 26. Rh2 Qe6 27. Rf2
Ng6 28. Rxf4 Nxf4 29. Qd2 Qf6 30. Qf2 Qe7 31. Qg3 Qe6 32. Qf2 Qe7 33. Qg3 Qe6
34. Qf2 Qe7 35. Qg3 1/2-1/2

[Event "B - CZECH OPEN 2016"]
[Site "Pardubice (CZE)"]
[Date "2016.07.29"]
[Round "8.1"]
[White "MORODER, Stefan"]
[Black "KOLMAKOV, Pavel"]
[Result "0-1"]
[WhiteElo "2209"]
[BlackElo "2180"]
[PlyCount "78"]
[EventDate "2016.07.22"]

1. c4 e6 2. Nf3 d5 3. e3 Nf6 4. b3 Be7 5. Bb2 O-O 6. Nc3 c5 7. cxd5 Nxd5 8.
Nxd5 Qxd5 9. Bc4 Qd8 10. Ne5 Nd7 11. f4 Nxe5 12. fxe5 Bd7 13. O-O Bc6 14. Qe2
Qd7 15. a4 Rfd8 16. Bc3 a6 17. Qg4 Bd5 18. Bd3 Bf8 19. Bc2 g6 20. Rf4 Bh6 21.
Rf2 Qc7 22. h4 Bg7 23. Qg3 f5 24. h5 gxh5 25. Qh2 b5 26. Raf1 b4 27. Ba1 c4 28.
Qxh5 cxb3 29. Bb1 Rf8 30. g4 Bxe5 31. Bxe5 Qxe5 32. e4 Bxe4 33. Bxe4 Qxe4 34.
Rf4 Qe5 35. gxf5 Rxf5 36. Rxf5 Qd4+ 37. Kh2 b2 38. Qf3 Qxd2+ 39. Kh3 Qc3 0-1

[Event "B - CZECH OPEN 2016"]
[Site "Pardubice (CZE)"]
[Date "2016.07.29"]
[Round "8.2"]
[White "KUEHN, Kolja"]
[Black "TICHY, Stepan"]
[Result "0-1"]
[WhiteElo "2058"]
[BlackElo "2176"]
[PlyCount "86"]
[EventDate "2016.07.22"]

1. e4 e6 2. d4 d5 3. Nc3 dxe4 4. Nxe4 Bd7 5. Nf3 Bc6 6. Bd3 Nd7 7. O-O Ngf6 8.
Re1 Be7 9. b3 Nxe4 10. Bxe4 Bxe4 11. Rxe4 Nf6 12. Re1 O-O 13. c4 c6 14. Qd3 a5
15. Bb2 a4 16. Ng5 h6 17. Ne4 axb3 18. axb3 Rxa1 19. Bxa1 Nxe4 20. Qxe4 Bf6 21.
Qf3 Bxd4 22. Bxd4 Qxd4 23. Rd1 Qe5 24. g3 Qc7 25. Rd4 Rd8 26. Qd3 Rxd4 27. Qxd4
c5 28. Qd3 g6 29. Qd2 h5 30. h4 Qe5 31. Qd8+ Kg7 32. Qe7 Qe1+ 33. Kg2 Qe4+ 34.
Kh2 b6 35. Qc7 Qf3 36. Qxb6 Qxf2+ 37. Kh3 e5 38. b4 Qe1 39. Qc6 cxb4 40. Qd5
Qf1+ 41. Kh2 Qe2+ 42. Kh1 b3 43. g4 b2 0-1

[Event "B - CZECH OPEN 2016"]
[Site "Pardubice (CZE)"]
[Date "2016.07.29"]
[Round "8.3"]
[White "SALEH, Nagueb"]
[Black "BALAZS, Balint"]
[Result "1-0"]
[WhiteElo "2173"]
[BlackElo "2110"]
[PlyCount "71"]
[EventDate "2016.07.22"]

1. Nf3 g6 2. c4 Bg7 3. d4 Nf6 4. g3 c5 5. Bg2 O-O 6. Nc3 cxd4 7. Nxd4 Nc6 8.
Nc2 d6 9. O-O Be6 10. b3 Qa5 11. Bd2 Qh5 12. e4 Bg4 13. f3 Bh3 14. Rc1 Bxg2 15.
Kxg2 Nd7 16. Nd5 e5 17. b4 a6 18. a4 f5 19. b5 axb5 20. cxb5 Nd4 21. Nxd4 exd4
22. Nf4 Qg5 23. Ne6 Qe7 24. Nxf8 Rxf8 25. exf5 gxf5 26. Rc7 Qd8 27. b6 Nc5 28.
Re1 Re8 29. Rxe8+ Qxe8 30. Qe1 Qxe1 31. Bxe1 d3 32. a5 Bd4 33. Kf1 Be3 34. Bb4
Nb3 35. Rxb7 Nd4 36. a6 1-0

[Event "B - CZECH OPEN 2016"]
[Site "Pardubice (CZE)"]
[Date "2016.07.29"]
[Round "8.4"]
[White "GRANOVSKIY, Alexandr"]
[Black "THENHAUSEN, Dirk"]
[Result "1-0"]
[WhiteElo "2292"]
[BlackElo "2106"]
[PlyCount "97"]
[EventDate "2016.07.22"]

1. Nf3 e6 2. g3 d5 3. Bg2 c5 4. O-O Nf6 5. c4 Be7 6. cxd5 exd5 7. d4 Nc6 8.
dxc5 Bxc5 9. Bg5 Be7 10. Nc3 O-O 11. Bxf6 Bxf6 12. Qxd5 Qxd5 13. Nxd5 Bxb2 14.
Rab1 Ba3 15. Nd2 Rb8 16. Rb3 Bd6 17. Ne4 Be5 18. f4 Bd4+ 19. e3 Be6 20. exd4
Bxd5 21. Nf6+ gxf6 22. Bxd5 Nxd4 23. Rxb7 Rxb7 24. Bxb7 Rb8 25. Ba6 Rb6 26. Bd3
Rb2 27. Rf2 Rb4 28. Kg2 h6 29. Rd2 Kf8 30. Kf2 Ke7 31. Ke3 Nb5 32. Rc2 Kd6 33.
Bc4 Na3 34. Rd2+ Ke7 35. Bb3 Nc4+ 36. Bxc4 Rxc4 37. Kd3 Rc5 38. Kd4 Kd6 39. Rb2
Rc7 40. a4 Rd7 41. Rb5 Kc6+ 42. Ke4 a6 43. Rh5 Rd6 44. Ke3 Kb6 45. a5+ Kc6 46.
Rxh6 Rd5 47. Rxf6+ Kb5 48. Rxf7 Kxa5 49. Rb7 1-0

[Event "B - CZECH OPEN 2016"]
[Site "Pardubice (CZE)"]
[Date "2016.07.29"]
[Round "8.5"]
[White "BASKAKOV, Egor"]
[Black "DORST, Johannes"]
[Result "0-1"]
[WhiteElo "2141"]
[BlackElo "2215"]
[PlyCount "74"]
[EventDate "2016.07.22"]

1. e4 e6 2. d4 d5 3. e5 c5 4. c3 Nc6 5. Nf3 Qb6 6. a3 Nh6 7. b4 cxd4 8. cxd4
Nf5 9. Be3 f6 10. exf6 gxf6 11. Nc3 Nxe3 12. fxe3 Bh6 13. Qd2 O-O 14. Bd3 Ne7
15. O-O e5 16. Bc2 e4 17. Nh4 Bg5 18. g3 Bxh4 19. gxh4 Bh3 20. Rf2 Qe6 21. Ne2
Qg4+ 22. Ng3 Qxh4 23. Rf4 Qh6 24. Bb3 Kh8 25. Kh1 Ng6 26. Rf2 Rad8 27. Nf5 Bxf5
28. Rxf5 Ne7 29. Rf4 f5 30. Raf1 Rc8 31. Qf2 Rc3 32. Bxd5 Nxd5 33. Rxf5 Rxf5
34. Qxf5 Qd6 35. Qf7 Rc8 36. Rg1 Qf6 37. Qxf6+ Nxf6 0-1

[Event "B - CZECH OPEN 2016"]
[Site "Pardubice (CZE)"]
[Date "2016.07.29"]
[Round "8.6"]
[White "GANTAR, Jan"]
[Black "HARDARSON, Jon Trausti"]
[Result "1-0"]
[WhiteElo "2215"]
[BlackElo "2078"]
[PlyCount "61"]
[EventDate "2016.07.22"]

1. e4 e5 2. Nf3 Nc6 3. Bc4 Bc5 4. O-O Nf6 5. Re1 d6 6. h3 O-O 7. d3 h6 8. a4
Be6 9. Na3 d5 10. exd5 Nxd5 11. c3 Qf6 12. Bd2 a5 13. Nb5 Rad8 14. Qe2 Bb6 15.
Rad1 Qg6 16. Kf1 Rfe8 17. Bc1 Re7 18. b3 Rde8 19. Qa2 Qh5 20. Ng1 Qf5 21. Qe2
Qf6 22. Qf3 Nf4 23. Bxe6 Rxe6 24. d4 Qg6 25. Bxf4 exf4 26. Rxe6 Rxe6 27. Na3
Re4 28. Ne2 f5 29. Nc4 Qg5 30. Nd2 Rxe2 31. Qxe2 1-0

[Event "B - CZECH OPEN 2016"]
[Site "Pardubice (CZE)"]
[Date "2016.07.29"]
[Round "8.7"]
[White "HONS, Tomas"]
[Black "SCHATZ, Christian"]
[Result "0-1"]
[WhiteElo "2033"]
[BlackElo "2212"]
[PlyCount "186"]
[EventDate "2016.07.22"]

1. e4 Nf6 2. e5 Nd5 3. d4 d6 4. c4 Nb6 5. exd6 exd6 6. Bd3 Be7 7. h3 Nc6 8. Nf3
O-O 9. O-O Bf6 10. Be3 Nb4 11. Nc3 Re8 12. Be2 Bf5 13. Rc1 h6 14. Re1 Nc6 15.
b3 d5 16. c5 Nc8 17. a3 N8e7 18. b4 a6 19. Bd3 Qd7 20. Bxf5 Nxf5 21. Qb3 Rad8
22. Rcd1 Ncxd4 23. Nxd4 Nxd4 24. Bxd4 Rxe1+ 25. Rxe1 Bxd4 26. Rd1 Bxc3 27. Qxc3
d4 28. Qd3 Qd5 29. Re1 a5 30. Re7 axb4 31. axb4 Qg5 32. Re1 b6 33. cxb6 cxb6
34. b5 Qg6 35. Rd1 Qxd3 36. Rxd3 Kf8 37. Kf1 Ke7 38. Ke2 Ke6 39. Rd1 Kd5 40.
Rc1 Ra8 41. Rc6 Ra2+ 42. Ke1 Ke4 43. Rxb6 Kd3 44. Ra6 Re2+ 45. Kd1 Rb2 46. Ra3+
Kc4 47. Ra7 Rxb5 48. Rxf7 Kc3 49. Kc1 Re5 50. Rc7+ Kd3 51. Rxg7 Re1+ 52. Kb2
Re2+ 53. Kb3 Rxf2 54. Rg6 h5 55. Rg5 h4 56. Rg4 Ke3 57. Rxh4 Rxg2 58. Rh8 Rg7
59. Kc2 d3+ 60. Kb2 Rb7+ 61. Kc3 Rc7+ 62. Kb2 Kd2 63. Re8 Rb7+ 64. Ka2 Rh7 65.
Kb2 Rxh3 66. Re7 Rh6 67. Re8 Rb6+ 68. Ka2 Rb4 69. Ka3 Rb1 70. Ka2 Re1 71. Rd8
Re7 72. Kb2 Ke2 73. Kc3 Rc7+ 74. Kb2 Kd2 75. Re8 Rb7+ 76. Ka2 Kd1 77. Re6 Rb4
78. Ka3 Rb1 79. Ka2 Rc1 80. Kb2 Rc7 81. Re8 Rh7 82. Re6 Rh2+ 83. Kb1 Re2 84.
Rh6 Re4 85. Rh1+ Kd2 86. Rh2+ Kc3 87. Rh1 Rb4+ 88. Ka2 Kc2 89. Ka3 Rb1 90. Rh8
d2 91. Rc8+ Kd3 92. Rd8+ Ke3 93. Re8+ Kf4 0-1

[Event "B - CZECH OPEN 2016"]
[Site "Pardubice (CZE)"]
[Date "2016.07.29"]
[Round "8.8"]
[White "KOCUR, Johan"]
[Black "BALENOVIC, Zvonimir"]
[Result "0-1"]
[WhiteElo "1997"]
[BlackElo "2190"]
[PlyCount "60"]
[EventDate "2016.07.22"]

1. Nf3 Nf6 2. g3 g6 3. b4 Bg7 4. Bb2 O-O 5. Bg2 c6 6. d3 Qb6 7. c3 a5 8. a3 d5
9. O-O c5 10. Qd2 axb4 11. axb4 Rxa1 12. Bxa1 cxb4 13. cxb4 Nc6 14. Bc3 d4 15.
Bb2 Rd8 16. Na3 Nd5 17. b5 Na7 18. Rb1 Nc3 19. Bxc3 dxc3 20. Qe3 Qa5 21. Nc4
Qa2 22. Rc1 Be6 23. Nfe5 Qa4 24. Qb6 Rf8 25. Bxb7 Bxe5 26. Nxe5 Qa3 27. Qe3
Nxb5 28. Bc6 Nd4 29. Bf3 Nb3 30. Rc2 Bh3 0-1

[Event "B - CZECH OPEN 2016"]
[Site "Pardubice (CZE)"]
[Date "2016.07.29"]
[Round "8.9"]
[White "MASLAK, Alexander"]
[Black "ANANCHENKO, Igor"]
[Result "1-0"]
[WhiteElo "2195"]
[BlackElo "2084"]
[PlyCount "65"]
[EventDate "2016.07.22"]

1. e4 c5 2. Nf3 Nc6 3. d4 cxd4 4. Nxd4 g6 5. c4 Bg7 6. Be3 Nf6 7. Nc3 Ng4 8.
Qxg4 Nxd4 9. Qd1 Ne6 10. Rc1 Qa5 11. Bd3 Bxc3+ 12. Rxc3 Qxa2 13. Qc1 Qa5 14. c5
O-O 15. O-O d6 16. cxd6 exd6 17. Bc4 Bd7 18. Rd1 Bc6 19. Bd5 Rac8 20. f3 Rfd8
21. Bf2 Rd7 22. Qh6 Qb4 23. Bh4 Qxb2 24. Bf6 Qe2 25. Rdc1 Rdc7 26. h4 Qb2 27.
Bxe6 fxe6 28. Rxc6 e5 29. R6c2 Qxc1+ 30. Rxc1 Rxc1+ 31. Kh2 R8c7 32. h5 gxh5
33. Qxh5 1-0

[Event "B - CZECH OPEN 2016"]
[Site "Pardubice (CZE)"]
[Date "2016.07.29"]
[Round "8.10"]
[White "JANSKA, Jitka"]
[Black "KOTYK, Vaclav"]
[Result "1/2-1/2"]
[WhiteElo "2034"]
[BlackElo "2167"]
[PlyCount "72"]
[EventDate "2016.07.22"]

1. e4 c5 2. Nc3 d6 3. Bb5+ Bd7 4. Bxd7+ Qxd7 5. d3 g6 6. Be3 Bg7 7. Qd2 Nc6 8.
Nge2 Rb8 9. a4 Nf6 10. Bh6 O-O 11. O-O d5 12. Bxg7 Kxg7 13. Ng3 dxe4 14. Ncxe4
Nxe4 15. Nxe4 b6 16. Rad1 Rbd8 17. Rfe1 Rfe8 18. a5 Nd4 19. axb6 axb6 20. Kh1
e5 21. Ng3 f6 22. h3 Ne6 23. Kg1 Qc6 24. Qe3 Nf4 25. Qe4 Qd5 26. Ra1 Ra8 27.
Red1 f5 28. Qxd5 Nxd5 29. Ne2 Nb4 30. Rxa8 Rxa8 31. c3 Nc6 32. Kf1 Ra2 33. Rb1
Kf6 34. Nc1 Ra7 35. Nb3 Ra2 36. Nc1 Ra7 1/2-1/2